| 000 | 01154nam a22002057a 4500 | ||
|---|---|---|---|
| 999 |
_c62343 _d62343 |
||
| 003 | Ge_BSU | ||
| 005 | 20241008115019.0 | ||
| 008 | 241008s1955 ge ||||| |||| 00| 0 geo d | ||
| 041 | _ageo | ||
| 080 | _a821.353.1'01.09 კ-38 | ||
| 100 |
_aკეკელიძე, კორნელი _918631 |
||
| 245 |
_aეტიუდები ძველი ქართული ლიტერატურის ისტორიიდან. [ტ.] 3 / _cკ. კეკელიძე; რედ. ალ. ბარამიძე; საქ. სსრ მეცნ. აკადემია. |
||
| 264 |
_aთბილისი : _bთბილ. სახელმწ. უნ-ტის გამ-ბა, _c1955. |
||
| 300 |
_a335 გვ.; _b24 სმ. |
||
| 504 | _a ბიბლიოგრაფია შენიშვნებში | ||
| 653 | _aძველი ქართული ლიტერატურის ისტორია. | ||
| 700 |
_a ბარამიძე, ალ. _eრედაქტორი _923340 |
||
| 710 |
_aსაქ. სსრ მეცნ. აკადემია. _923341 |
||
| 942 |
_2udc _cᲬᲘᲒᲜᲘ |
||